|
|
|
|
| LEADER |
00648cam a2200193 7i4500 |
| 001 |
0000008180 |
| 005 |
20061130090000.0 |
| 010 |
# |
# |
|a 95038351
|
| 020 |
0 |
0 |
|a 9814024406 (pbk.)
|
| 020 |
0 |
0 |
|a 0135012066 (hardback)
|
| 035 |
0 |
0 |
|a 0228-23060
|
| 090 |
0 |
0 |
|a QA 76.9
|b M35 G7
|
| 100 |
1 |
0 |
|a Grassmann
|
| 245 |
1 |
0 |
|a Logic and discrete mathematics :
|b a computer science perspective
|c Winfried Karl Grassmann, Jean-Paul Tremblay.
|
| 260 |
0 |
0 |
|a New Jersey:
|b Prentice Hall,
|c 1996.
|
| 300 |
# |
# |
|a 750p.:
|b ill.;
|c 25 cm..
|
| 650 |
0 |
0 |
|a Computer science --
|x Mathematics
|
| 700 |
2 |
1 |
|a Tremblay,
|h Jean-Paul(
|d 1938)
|
| 999 |
|
|
|a 1000400316
|b Book
|c Open Shelf
|e KOLEKSI TERBUKA
|